¿Hay cisma en España? / (Record no. 158909)

MARC details
000 -LEADER
campo de control de longitud fija 00759nam a22001935i 4500
001 - NÚMERO DE CONTROL
campo de control 158909
003 - IDENTIFICADOR DE NÚMERO DE CONTROL
campo de control ES-MaACL
005 - FECHA Y HORA DE LA ÚLTIMA TRANSACCIÓN
campo de control 20250722063150.0
008 - DATOS DE LONGITUD FIJA--INFORMACIÓN GENERAL
campo de control de longitud fija 040906s1885 sp |||| | spa d
040 ## - FUENTE DE CATALOGACIÓN
Centro catalogador/agencia de origen CAM
Lengua de catalogación spa
Centro/agencia transcriptor CAM
100 1# - ENTRADA PRINCIPAL--NOMBRE DE PERSONA
Nombre de persona Martín Mínguez, Bernardino,
Fechas asociadas al nombre 1849-post. 1920
9 (RLIN) 77573
245 11 - MENCIÓN DEL TÍTULO
Título ¿Hay cisma en España? /
Mención de responsabilidad, etc. por R.R.
260 ## - PUBLICACIÓN, DISTRIBUCIÓN, ETC.
Lugar de publicación, distribución, etc. Madrid :
Nombre del editor, distribuidor, etc. [s.n.],
Fecha de publicación, distribución, etc. 1885 (
Fabricante Tipografía de Manuel G. Hernández)
300 ## - DESCRIPCIÓN FÍSICA
Extensión 39 p. ;
Dimensiones 21 cm.
594 ## - Nota al título y mención de responsabilidad
Nota al título y mención de responsabilidad Autor tomado de la dedicatoria ms.
650 #4 - PUNTO DE ACCESO ADICIONAL DE MATERIA--TÉRMINO DE MATERIA
Término de materia o nombre geográfico como elemento de entrada Iglesia y Estado-
Subdivisión geográfica España.
9 (RLIN) 13555
852 ## - LOCALIZACIÓN
Ubicación ES-MaACL
Número de control de estantería T-465-F-5
Nota libre -- Enc. hol.
-- -- Dedicatoria ms. del autor, Bernardino Martin Minguez a la Biblioteca del Ateneo
condición física -- Falto de la cub. original
Holdings
Estatus retirado Estado de pérdida Estado de daño No para préstamo Colección Biblioteca de origen Biblioteca actual Ubicación en estantería Fecha de adquisición Total de préstamos Signatura topográfica completa Código de barras Visto por última vez Precio de reemplazo Tipo de ítem Koha
        Colección de folletos Biblioteca del Ateneo de Madrid Biblioteca del Ateneo de Madrid Depósito folletos 17/01/2008   T-465-F-5 1166328 23/02/2023 23/02/2023 Folleto